Rêves d'un visionnaire
Сохранить в:
| Формат: | |
|---|---|
| Язык: | французский |
| Опубликовано: |
París
J. Vrin
1967
|
| Серии: | Bibliothèque des Textes Philosophiques
|
| Предметы: | |
| Метки: |
Добавить метку
Нет меток, Требуется 1-ая метка записи!
|
MARC
| LEADER | 00000nam a2200000 a 4500 | ||
|---|---|---|---|
| 001 | UCZ4816 | ||
| 003 | CL-VaPUC | ||
| 005 | 20220104074311.0 | ||
| 008 | 951110e19670000FR |||||||||||||||||fre|d | ||
| 999 | |c 241180 |d 241178 | ||
| 040 | |c Pontificia Universidad Católica de Valparaíso | ||
| 082 | 0 | 4 | |a 141 |b KAN |2 21 |
| 245 | 1 | 0 | |a Rêves d'un visionnaire |
| 260 | |a París |b J. Vrin |c 1967 | ||
| 300 | |a 195 p | ||
| 490 | 0 | |a Bibliothèque des Textes Philosophiques | |
| 583 | |a last modification |c 19951110 00:00:00 |k Rodrigo Vera | ||
| 650 | 0 | |a Idealismo |9 265685 | |
| 650 | 0 | |a Escuelas filosóficas |9 266232 | |
| 650 | 0 | |a Filosofía alemana |9 265002 | |
| 650 | 0 | |a Metafísica |9 265649 | |
| 852 | |a BIBCUR | ||
| 942 | |c BK |2 ddc | ||
| 945 | |d 19951110 00:00:00 |a lriquelm | ||
| 952 | |0 0 |1 0 |4 0 |6 141_000000000000000_KAN_1967 |7 0 |8 P |9 253365 |a BIBEDU |b BIBEDU |c BIBEDU_PB |d 2019-11-19 |i 1599968 |o 141 KAN 1967 |p 1599968 |r 2024-01-25 |w 2019-11-19 |y BK |k FIL | ||